| 000 | 02347cam a22006254i 4500 | ||
|---|---|---|---|
| 003 | PE-LiUPU | ||
| 005 | 20250731170402.0 | ||
| 008 | 150617s1986 sp r 000 0 spa d | ||
| 020 | _a8425415195 | ||
| 020 | _a9788425415197 | ||
| 035 | _a(Sirsi) i9788425415197 | ||
| 040 |
_aPE-LiUPU _bspa _cPE-LiUPU _dPE-LiUPU _erda |
||
| 049 | _aPRUA | ||
| 082 | 0 | 4 |
_a190 _bC71 _221 |
| 100 | 1 |
_aColomer, Eusebi, _d1923-1997, _eautor. |
|
| 245 | 1 | 3 |
_aLa filosofía trascendental : _bKant / _cEusebi Colomer. |
| 264 | 1 |
_aBarcelona : _bEditorial Herder, _c1986. |
|
| 300 |
_a327 páginas ; _c22 centímetros. |
||
| 336 |
_atext _2rdacontent |
||
| 337 |
_aunmediated _2rdamedia |
||
| 338 |
_avolume _2rdacarrier |
||
| 490 | 0 |
_aBiblioteca Herder Sección de teología y filosofía ; _v174 |
|
| 500 | _aTítulo general: El pensamiento alemán de Kant a Heidegger. | ||
| 505 | 0 | _aTeoría vital y doctrinal -- Período precrítico -- Crítica de la razón pura -- Estética trascendental -- Analítica trascendental -- Dialéctica trascendental -- Teoría trascendental del método -- Crítica de la razón práctica: analítica -- Crítica de la razón práctica: dialéctica -- Crítica del juicio -- Filosofía de la religión, de derecho y de la historia -- El opus postumum. | |
| 526 | _aSEG68 | ||
| 526 | _aSEG70 | ||
| 526 | _aSEG69 | ||
| 526 | _aSEG67 | ||
| 526 | _aSEG43 | ||
| 526 | _aP144 | ||
| 526 | _aP143 | ||
| 526 | _aP131 | ||
| 526 | _aP122 | ||
| 526 | _aP120 | ||
| 526 | _aP117 | ||
| 526 | _aP112 | ||
| 526 | _aP110 | ||
| 526 | _aP106 | ||
| 526 | _aP101 | ||
| 526 | _aP80 | ||
| 526 | _aP59 | ||
| 526 | _aP54 | ||
| 526 | _aP35 | ||
| 526 | _aP33 | ||
| 526 | _aP30 | ||
| 600 | 1 |
_aKant, Enmanuelle _xFilosofía |
|
| 650 | 0 | 4 |
_aFilosofía alemana _ySiglo XVIII-XX. |
| 910 |
_ajck _bjvq _cjck _d20150616 |
||
| 942 |
_2ddc _cBOOK |
||
| 949 |
_a190 C71 _wDEWEY _c1 _i26557 _d2016-6-3 _e2016-6-3 _lCCODEBUL1 _mBUL _n2 _r0 _sY _tBOOK _u2015-6-17 _xSALUD _zUNKNOWN _0COMPRA _o.STAFF. Colección Ciencias de la Salud |
||
| 994 |
_aC0 _bPEPRU |
||
| 596 | _a1 | ||
| 999 |
_a190 C71 _wDEWEY _c2334 _i26557 _d2334 _e2019-8-14 _f2021-11-3 _g4 _lCCODEBUL1 _mBUL _n3 _p25.00 _r0 _sY _tBOOK _u2015-6-17 _xSALUD _zUNKNOWN _0COMPRA _o.STAFF. Colección Ciencias de la Salud |
||
| 980 |
_81 _gALBERTO SANCHEZ Responsable de Automatización |
||